| 000 | 00878nam a2200265 i 4500 | ||
|---|---|---|---|
| 001 | 7958 | ||
| 003 | ES-MaACL | ||
| 005 | 20230906145340.0 | ||
| 007 | t| | ||
| 008 | 910614s1985 fr ||||1| fre d | ||
| 020 | _a2-7116-0883-2 | ||
| 080 | _a1(09)(04) | ||
| 080 | _a1 Goldschmidt | ||
| 245 | 0 | 0 |
_aHistoire et structure _b: a la memoire de Victor Goldschmidt / _cetudes reunies par Jacques Brunschwig, Claude Imbert et Alain Roger. |
| 260 |
_aParis : _bLibrairie Philosophique J. Vrin, _c1985. |
||
| 300 |
_a334 p. ; _c24 cm. |
||
| 600 | 1 | 4 |
_aGoldschmidt, Victor. _957680 |
| 650 | 4 |
_aFilosofĂa- _vHistoria. _9158248 |
|
| 700 | 1 |
_aGoldschmidt, Victor. _957680 |
|
| 700 | 0 |
_aBrunschwig, Jacques. _932209 |
|
| 700 | 1 |
_aImbert, Claude, _edir. _965209 |
|
| 700 | 1 |
_aRoger, Alain, _edir. _9195577 |
|
| 852 |
_aES-MaACL _jL-15211 _bR.113795 _z. - rust. |
||
| 999 |
_c7958 _d7958 |
||